000 00912nam a22003017a 4500
001 BR7803825
003 BR-BrBNA
005 20230928085629.0
007 ta
008 230509b bl.||||| |||| 00| 0 por d
040 _aBR-BrBNA
_bpor
_cBiblioteca Nacional de Agricultura
041 _a(Por)
072 _aF00; H10; H20
_b1112
_b4010
_b4100
090 _ 1112 BR7803825
100 1 _aSerrano, E. de O.
110 1 _aUnidade de Execucao de Pesquisa de ambito Estadual de Alagoinha, PB (Brasil)
_910342
245 1 _aBibliografia sinaletica sobre banana (Musa spp). [Colheita; Praga de planta; Doenca de planta]
260 3 _aAlagoinha, PB (Brasil):
_c1978.
300 _a4 p.
650 _aProducao vegetal
650 _aPraga de planta
650 _aDoenca de planta
650 _aBanana
650 _aColheita
650 _aBibliografia
909 _a202309
_bLucia
_c55
_dLucia Elande
942 _cBK
999 _c25471
_d25471